Extending the valuer's duty of care (Record no. 111908)

MARC details
000 -LEADER
fixed length control field 01430cad a22002295a 4500
001 - CONTROL NUMBER
control field L152178
008 - FIXED-LENGTH DATA ELEMENTS--GENERAL INFORMATION
fixed length control field 110207s20101213xxk f 000 0 eng d
035 ## - SYSTEM CONTROL NUMBER
System control number (Sirsi) u152178
041 0# - LANGUAGE CODE
Language code of text/sound track or separate title eng
110 2# - MAIN ENTRY--CORPORATE NAME
Corporate name or jurisdiction name as entry element Royal Institution of Chartered Surveyors
9 (RLIN) 4900
245 00 - TITLE STATEMENT
Title Extending the valuer's duty of care
Remainder of title The case of Scullion v Bank of Scotland plc (trading as Colleys)
Medium [electronic resource]
260 ## - PUBLICATION, DISTRIBUTION, ETC.
Place of publication, distribution, etc. London
Name of publisher, distributor, etc. RICS
Date of publication, distribution, etc. 2010
520 ## - SUMMARY, ETC.
Summary, etc. "Emmet Thomas Scullion v Bank of Scotland trading as Colleys" [2010] EWHC 2253 (Ch) 2010 extends the valuer's duty of care established in "Smith v Bush" HL 1990 to borrowers in a commercial situation. Prior to "Scullion", the duty of care principle applied to borrowers seeking a loan for the purpose of purchasing a modest home for residential purposes. "Scullion" extended the duty of care principle to a property purchased as a low-value buy to let investment based on the valuer's assessment of the rental yield. (See L152179 to view full transcript)
590 ## - LOCAL NOTE (RLIN)
Local note KA
650 24 - SUBJECT ADDED ENTRY--TOPICAL TERM
Topical term or geographic name entry element EMMET THOMAS SCULLION V BANK OF ENGLAND PLC (TRADING AS COLLEYS)
650 24 - SUBJECT ADDED ENTRY--TOPICAL TERM
Topical term or geographic name entry element SMITH V BUSH
650 24 - SUBJECT ADDED ENTRY--TOPICAL TERM
Topical term or geographic name entry element HEDLEY BRYNE V HELLLER
651 #4 - SUBJECT ADDED ENTRY--GEOGRAPHIC NAME
Geographic name United Kingdom
Chronological subdivision
690 ## - LOCAL SUBJECT ADDED ENTRY--TOPICAL TERM (OCLC, RLIN)
Topical term or geographic name as entry element MANAGEMENT-BUSINESS MANAGEMENT-PROFESSIONAL PRACTICE-NEGLIGENCE
856 40 - ELECTRONIC LOCATION AND ACCESS
Uniform Resource Identifier <a href="https://www.rics.org/site/download_feed.aspx?fileID=8377&fileExtension=PDF">https://www.rics.org/site/download_feed.aspx?fileID=8377&fileExtension=PDF</a>
Public note View this item free of charge at www.rics.org
942 ## - ADDED ENTRY ELEMENTS (KOHA)
Suppress in OPAC 0
Holdings
Withdrawn status Lost status Source of classification or shelving scheme Damaged status Not for loan Home library Current library Shelving location Date acquired Total Checkouts Full call number Barcode Date last seen Copy number Price effective from Koha item type
    Dewey Decimal Classification     Virtual Virtual Online 07/02/2011   ONLINE PUBLICATION 152178-2001 06/08/2019 1 06/08/2019 Book